000
00263nam a2200097Ia 4500
082
_a
EJF MACL
245
0
_a
The magic paintbrush
100
_a
MACLAY-MAYERS, Jeanne Cape Town, 2009
_9
91644
942
_c
BK
008
210817s9999 xx 000 0 und d
999
_c
372033
_d
372032